| 000 | 00642nam a2200217Ia 4500 | ||
|---|---|---|---|
| 003 | OSt | ||
| 005 | 20251204141310.0 | ||
| 008 | 210719s1999 xx 000 0 und d | ||
| 020 | _a8187321342 | ||
| 040 | _cAloy | ||
| 041 | _akan | ||
| 082 |
_aK894.3 _223 _bVIRT |
||
| 100 |
_aVIRAPPA MOYILI M: ವೀರಪ್ಪ ಮೊಯಿಲಿ ಎಂ _940422 |
||
| 245 | _aTembare: ತೆಂಬರೆ | ||
| 260 |
_aBengaluru _bAnkita Pustaka _c1999 |
||
| 300 |
_axviii,190 _bPB |
||
| 365 |
_b96 _cRs |
||
| 650 |
_aKannada Fiction _940423 |
||
| 700 |
_aMOYILI (M Veerappa): ಮೊಯಿಲಿ (ಎಂ ವೀರಪ್ಪ) _940424 |
||
| 942 |
_2ddc _cDB |
||
| 999 |
_c213468 _d213468 |
||